航空写真から世界の都市当てクイズ - Statistics

General Stats
  • This quiz has been taken 270 times
  • The average score is 11 of 50
Answer Stats
Picture Answer % Correct
東京
79%
ドバイ
75%
パリ
66%
イスタンブール
48%
シンガポール
47%
ニューヨーク
46%
バルセロナ
37%
ロンドン
35%
香港
34%
北京
33%
ローマ
30%
サンフランシスコ
30%
上海
28%
平壌
27%
アムステルダム
25%
ソウル
25%
シカゴ
24%
ブラジリア
24%
メッカ
22%
ロサンゼルス
22%
ダカール
21%
モスクワ
21%
ホノルル
19%
マイアミ
17%
ベルリン
16%
ラゴス
15%
ケープタウン
14%
シアトル
14%
シドニー
13%
ジャカルタ
13%
ロッテルダム
13%
ブエノスアイレス
12%
ボストン
12%
デリー
12%
台北
12%
メキシコシティ
12%
サンクトペテルブルク
11%
リスボン
11%
アテネ
10%
バンコク
10%
デトロイト
9%
モントリオール
7%
マニラ
7%
レイキャビク
7%
エルサレム
7%
ハノイ
7%
ジュネーブ
6%
ダッカ
5%
ヘルシンキ
5%
チュニス
4%
No matching quizzes found
Score Distribution
Percent of People with Each Score
Percentile by Number Answered
Your Score History
You have not taken this quiz